| 000 | 01398nam a2200337 c 4500 | ||
|---|---|---|---|
| 003 | BLK | ||
| 005 | 20250630171248.0 | ||
| 008 | 180411b bul|||||r ||||||| ||bul|| | ||
| 010 | _aKNG00187136000 | ||
| 020 |
_a978-954-28-2002-4 _bиздат.: Сиела Норма |
||
| 040 | _aBLK | ||
| 041 |
_aBUL _cBUL |
||
| 072 | 7 |
_2bullib _aН84 _xБългарска художествена литература Н |
|
| 080 |
_aБългарска литература _b821.163.2 _x-32 _z821.163.2-32 |
||
| 100 | 1 |
_aПопов, Алек _d1966- _qПопов, Александър Василев _eпърви автор _9222582 |
|
| 700 | 1 |
_aКарабашлиев, Захари Тодоров _eсъстав. _976268 |
|
| 139 |
_aОбича ме, не те обича _bО 13 |
||
| 245 | 1 | 0 |
_aОбича ме, не те обича _bНови разкази за любов _cАлек Василев Попов; състав. Захари Карабашлиев. |
| 257 | _aBGR | ||
| 260 |
_аСофия _bСиела Норма _c2016 _fСофия : Алианс принт |
||
| 300 |
_a192 с. _c21 см |
||
| 380 | _aX | ||
| 653 | _aразкази | ||
| 659 | _aН | ||
| 852 | _aЦб 279985 | ||
| 856 | 4 |
_qpdf _u |
|
| 856 | 4 |
_qpdf _u |
|
| 942 |
_cKNG _n0 _015 |
||
| 944 |
_aCR _c14.03.2016 _lМинев Младен _k30530 |
||
| 944 |
_aED _c18.10.2016 _lф / _kПенка_Димитрова |
||
| 999 |
_c178414 _d178414 |
||